00544nam a2200205 a 4500001001300000003000900013005001700022008004100039020002500080082001900105100001900124245002900143260004300172300000900215500003500224505001000259650002200269650002800291700001900319nice12345678IN_TiNIC20260116013037.0050524s1994 lona grp 000 0 eng  a0009430 c328.500a262.13092bWAL aWalsh, Michael aJohn Paul IIb Biography aLondon bCollins Religious Pub. c1994 a310p aincludes index and biblioraphy2 aIndex aPope John Paul II aJohn Paul II -Biography1 aWalsh, Michael